<?xml version="1.0" encoding="UTF-8"?>
<marc:record xmlns:marc="http://www.loc.gov/MARC21/slim">
   <marc:leader>00000nam a2200000 a 4500</marc:leader>
   <marc:datafield ind1="1" ind2=" " tag="100">
      <marc:subfield code="a">Vogel, Maja von</marc:subfield>
      <marc:subfield code="4">aut</marc:subfield>
      <marc:subfield code="e">Verfasser/-in</marc:subfield>
   </marc:datafield>
   <marc:datafield ind1=" " ind2=" " tag="653">
      <marc:subfield code="a">Antolin Klasse-5</marc:subfield>
   </marc:datafield>
   <marc:datafield ind1="0" ind2="0" tag="245">
      <marc:subfield code="a">Flammen in der Nacht</marc:subfield>
   </marc:datafield>
   <marc:datafield ind1=" " ind2="1" tag="264">
      <marc:subfield code="b">Kosmos</marc:subfield>
      <marc:subfield code="c">2016</marc:subfield>
   </marc:datafield>
   <marc:datafield ind1="1" ind2=" " tag="490">
      <marc:subfield code="a">Die drei !!!</marc:subfield>
   </marc:datafield>
   <marc:datafield ind1="1" ind2=" " tag="520">
      <marc:subfield code="a">Die drei !!! kümmern sich um Flüchtlinge. (ab 10) (JE) In Kims Nachbarschaft ziehen Flüchtlinge ein. Kim, Marie und Franzi begrüßen die Neuankömmlinge mit Kuchen. Nebenan wohnt Herr Poschek, der keine Hunde mag und Flüchtlingen ablehnend gegenübersteht. Als eines Tages umgeworfene Mülltonnen herumliegen, beschuldigt Herr Poschek die Flüchtlingskinder. Die drei Mädels hingegen engagieren sich für ihre neuen Freunde, die Khaleed und Aveen heißen. Sie sammeln Spielsachen und Winterkleidung. Als dann ein Auto aufgebrochen wird und es in der Flüchtlingsunterkunft brennt, befiehlt Kommissar Peters den Mädchen, sich aus den Ermittlungen herauszuhalten, doch wie schon in vielen anderen Fällen schaffen sie das nicht. Es gibt in dem Buch der bekannten Reihe sehr spannende Szenen und es geht um ein ganz aktuelles Thema. Verschiedene Meinungen über Flüchtlinge kommen vor und als LeserIn muss man darüber nachdenken, welchem Standpunkt man sich anschließen möchte und wie man sich selber verhalten würde.</marc:subfield>
   </marc:datafield>
   <marc:datafield ind1=" " ind2=" " tag="020">
      <marc:subfield code="a">9783440152584</marc:subfield>
      <marc:subfield code="9">9783440152584</marc:subfield>
   </marc:datafield>
</marc:record>
